| 000 | 02239cam a22003371 4500 | ||
|---|---|---|---|
| 001 | 8198042 | ||
| 005 | 20160823105019.0 | ||
| 008 | 780907s1903 a fr 001 0 eng d | ||
| 010 | _a 03018947 | ||
| 035 | _a(OCoLC)4204065 | ||
| 040 |
_aDLC _cSandra Yazo _dSandra Yazo |
||
| 041 | 0 | _aeng | |
| 042 | _apremarc | ||
| 050 | 0 | 0 |
_aBX1374 _b.M27 1903 |
| 082 | 0 | 4 |
_220 _a922.21 |
| 092 | _aE40N138 | ||
| 100 | 1 |
_aMcGovern, James J. _q(James Joseph) _d1839-1914 _979046 |
|
| 242 | 1 | 0 |
_aVida y obra del Papa Leo XII _cpor Rev. James J. McGovern _yspa |
| 245 | 0 | 4 |
_aThe life and life-work of Pope Leo XIII _c By Rev. James J. McGovern |
| 260 |
_a[Lugar desconocido _b[Editorial desconocida] _c1903 |
||
| 300 |
_a445 páginas _bilustraciones _c25 x 19 cm |
||
| 500 | _aDetalles físicos: Encuadernación rígida en cartón forrado en tela. Tapa delantera con adornos repujados, pintados en dorado y negro, y detalle en papel. Guardas simulando papel de agua. Portada impresa en una sola tinta, enmarcada en doble recuadro. Hoja de cortesía con una anotación manuscrita. Texto impreso en una sola columna. Varias ilustraciones entre el texto, algunas a color. Faltan varias páginas | ||
| 505 | 0 | _aLa sede romana ; Lugar de nacimiento y familia ;Primeros años y educación en el hogar ; Vida universitaria y experiencias ; Filosofía y teología ; Casa del Prelado papal y ordenaciones ; Gobernador delegado para Benevento y Hungría ; Nuncio para la ciudad de Bruselas ; Diplomático y eclesiástico ; Visita a Inglaterra y a Francia ; Obispo de Perugia ; Labores a favor del Clero ; Elevación a Cardinal ; Invasión de las provincias romanes ; Cardenal Pecci en poder temporal ; El consejo vaticano ; Coronación del papa Leo XIII ; El vaticano – El hogar de los papas ; Alocución para el mundo ; Primeros intereses del Papa Leo ; Iglesia católica en Estados Unidos y Canada ; Poemas y Anecdotas | |
| 506 | _aConsulta en sala | ||
| 546 | _aTexto en inglés | ||
| 600 | 1 |
_aLeo _bXIII _cPapa _d1810-1903 _979047 |
|
| 650 | 7 |
_97894 _aPapas _xBiografías |
|
| 690 |
_aBiografías _97343 |
||
| 856 | 4 | 8 |
_uhttps://archive.org/details/lifelifeworkofpo00mcgouoft _zDisponible en línea |
| 942 |
_2LOCAL _cLIBRO _e1 _hE40N138 |
||
| 999 |
_c304367 _d304367 |
||